000 00500nam a22001697a 4500
003 OSt
008 250122b2012 |||||||| |||| 00| 0 eng d
020 _a9788178236216
082 _a158.4
_bVIV-H
100 _aVivekananda, Swami
245 _aHow to be a leader :
_bfifty sayings on the qualities that make a true leader /
_cSwami Vivekananda
260 _aChennai :
_bRamakrishna Math,
_c2012.
300 _aiv, 25 p. ;
650 _aLeadership
650 _aPersonal Development
942 _2ddc
_cBK
999 _c21213
_d21213